[Event "4th Chessfestival Gredine 2018"]
[Site "Ortisei"]
[Date "2018.06.18"]
[Round "3.15"]
[White "Wecker, Martin"]
[Black "Kumar, Nikhil"]
[Result "0-1"]
[WhiteElo "2143"]
[BlackElo "2286"]
[Annotator "NA"]
[PlyCount "80"]
[EventDate "2018.06.16"]
[EventType "swiss"]
[EventCountry "ITA"]
[SourceTitle "playchess.com"]
[Source "ChessBase"]
[SourceQuality "1"]
[TimeControl "40/5400+30:1800+30"]

1. d4 {[%emt 0:00:30]} Nf6 {[%emt 0:02:00]} 2. c4 {[%emt 0:00:00]} e6 {[%emt 0:00:00]} 3. Nf3 {[%emt 0:00:00]} b6 {[%emt 0:00:00]} 4. g3 {[%emt 0:00:30]} Bb7 {[%emt 0:00:30]} 5. Bg2 {[%emt 0:00:30]} Be7 {[%emt 0:00:30]} 6. O-O {[%emt 0:00:30]} O-O {[%emt 0:00:30]} 7. Re1 {[%emt 0:00:30]} d5 {[%emt 0:00:00]} 8. cxd5 {[%emt 0:00:30]} exd5 {[%emt 0:00:00]} 9. Nc3 {[%emt 0:00:30]} Nbd7 {[%emt 0:00:30]} 10. Bf4 {[%emt 0:00:30]} c5 {[%emt 0:06:30]} 11. dxc5 {[%emt 0:00:30]} Nxc5 {[%emt 0:01:30]} 12. Nd4 {[%emt 0:01:30]} Nce4 {[%emt 0:02:30]} 13. Nxe4 {[%emt 0:18:30]} Nxe4 {[%emt 0:01:30]} 14. a3 {[%emt 0:02:30]} Bf6 {[%emt 0:07:30]} 15. Be3 {[%emt 0:09:30]} Re8 {[%emt 0:03:30]} 16. Rc1 {[%emt 0:03:30]} Qd7 {[%emt 0:01:30]} 17. Qd3 {[%emt 0:08:30]} g6 $11 {[%emt 0:15:30]} 18. b4 {[%emt 0:09:30]} Rad8 {[%emt 0:05:30]} 19. Red1 {[%emt 0:02:30]} Nd6 {[%emt 0:01:30]} 20. Nf3 {[%emt 0:13:30]} Nf5 {[%emt 0:05:30]} 21. Bh3 {[%emt 0:02:30]} Bc8 {[%emt 0:17:30]} 22. Bd4 {[%emt 0:10:18]} Qe7 {[%emt 0:00:30] 2 [%clk 0:15:54]} 23. Bxf6 {[%emt 0:02:49]} Qxf6 {[%emt 0:11:58]} 24. Bf1 {[%emt 0:00:30]} Nd6 {[%emt 0:00:34]} 25. Qxd5 {[%emt 0:00:30]} Ne4 {[%emt 0:00:59]} 26. Qc4 {[%emt 0:00:59]} Bg4 {[%emt 0:07:13]} 27. Rxd8 {[%emt 0:00:48]} Qxd8 {[%emt 0:00:02]} 28. Qc7 {[%emt 0:05:03]} Qf6 {[%emt 0:01:49]} 29. Qc6 {[%emt 0:00:37]} Re6 {[%emt 0:00:29]} 30. Qa8+ {[%emt 0:03:31]} Kg7 {[%emt 0:00:05]} 31. Bg2 {[%emt 0:00:34]} Nc3 {[%emt 0:00:14]} 32. Bf1 {[%emt 0:02:06]} Nxe2+ {[%emt 0:00:29]} 33. Bxe2 {[%emt 0:00:10]} Rxe2 {[%emt 0:00:05]} 34. Kg2 {[%emt 0:00:25]} Rxf2+ {[%emt 0:00:16]} 35. Kxf2 {[%emt 0:00:10]} Qb2+ {[%emt 0:00:05]} 36. Rc2 {[%emt 0:01:36]} Qxc2+ {[%emt 0:00:07]} 37. Ke3 {[%emt 0:00:15]} Qc3+ {[%emt 0:00:33]} 38. Kf4 {[%emt 0:00:17]} Qf6+ {[%emt 0:00:49]} 39. Kxg4 {[%emt 0:01:08]} Qf5+ {[%emt 0:00:06]} 40. Kh4 {[%emt 0:00:01]} Qh5# {[%emt 0:30:37]} 0-1

[Event "4th Chessfestival Gredine 2018"]
[Site "Ortisei"]
[Date "2018.06.18"]
[Round "3.16"]
[White "Thiel, Thomas"]
[Black "Behling, Robert"]
[Result "1-0"]
[WhiteElo "2261"]
[BlackElo "2128"]
[Annotator "NA"]
[PlyCount "97"]
[EventDate "2018.06.16"]
[EventType "swiss"]
[EventCountry "ITA"]
[SourceTitle "playchess.com"]
[Source "ChessBase"]
[SourceQuality "1"]
[TimeControl "40/5400+30:1800+30"]

1. d4 {[%emt 0:00:30] 2} d5 {[%emt 0:01:00] 2} 2. Bf4 {[%emt 0:00:00] 2} Nf6 {[%emt 0:00:30]} 3. e3 {[%emt 0:00:00]} c5 {[%emt 0:00:30]} 4. Nf3 {[%emt 0:00:30]} Nc6 {[%emt 0:01:30]} 5. Nbd2 {[%emt 0:00:30] D02: 1 d4 d5 2 Nf3 sidelines, including 2...Nf6 3 g3 and 2...Nf6 3 Bf4} (5. c3 e6 6. Nbd2 Bd6 7. dxc5 Bxc5 8. Bd3 h6 9. Qe2 Nh5 10. Bg3 Nxg3 11. hxg3 Bd7 12. e4 dxe4 13. Nxe4 Be7 14. g4 Qc7 15. g5 O-O-O 16. gxh6 gxh6 {½-½ (101) Mamedyarov,S (2809)-Nakamura,H (2787) Moscow 2018}) 5... cxd4 {[%emt 0:03:30]} 6. exd4 {[%emt 0:00:00]} Qb6 {[%emt 0:00:30]} 7. Nb3 {[%emt 0:01:00]} Bf5 {[%emt 0:06:30]} 8. c3 {[%emt 0:01:30]} h6 $146 {[%emt 0:02:30]} ({Predecessor:} 8... e6 9. Be2 h6 10. a4 a5 11. O-O Be7 12. Ne5 O-O {0-1 (50) Rakesh,K (2247)-Kiewra,K (2454) Douglas 2016}) 9. a4 {[%emt 0:02:30]} a5 {[%emt 0:01:30]} 10. Bb5 {[%emt 0:21:30]} e6 {[%emt 0:00:30]} 11. Ne5 {[%emt 0:12:30]} Be7 {[%emt 0:09:30]} 12. Nc5 {[%emt 0:04:30]} Bxc5 {[%emt 0:07:30]} 13. dxc5 {[%emt 0:00:00]} Qxc5 {[%emt 0:00:00]} 14. Qd4 {[%emt 0:05:00]} Qxd4 {[%emt 0:01:00]} 15. cxd4 {[%emt 0:00:30]} g5 {[%emt 0:09:30]} 16. Bd2 {[%emt 0:04:30]} Ke7 {[%emt 0:04:30]} 17. Bxc6 {[%emt 0:00:30]} bxc6 {[%emt 0:00:30]} 18. Bxa5 {[%emt 0:00:00]} Rhc8 {[%emt 0:02:30]} 19. Bb4+ {[%emt 0:14:00]} Ke8 {[%emt 0:00:30]} 20. h4 {[%emt 0:02:30]} Nd7 {[%emt 0:04:30]} 21. Nxd7 {[%emt 0:03:30]} Kxd7 {[%emt 0:00:00]} 22. Bc5 {[%emt 0:00:30]} f6 {[%emt 0:09:00]} 23. Kd2 {[%emt 0:00:30]} g4 {[%emt 0:06:30]} 24. a5 {[%emt 0:02:30]} Ra6 {[%emt 0:00:30]} 25. Rhe1 {[%emt 0:04:15] [%clk 0:08.48]} h5 {[%emt 0:13:50]} 26. Ra3 {[%emt 0:10:28]} Rb8 {[%emt 0:01:20]} 27. Bb6 {[%emt 0:00:30]} e5 {[%emt 0:01:02]} 28. Rc1 {[%emt 0:00:30]} Kd6 {[%emt 0:01:19]} 29. Re3 {[%emt 0:00:30]} e4 {[%emt 0:00:38]} 30. Kc3 {[%emt 0:00:30]} Rc8 {[%emt 0:04:44]} 31. b4 {[%emt 0:02:02]} Raa8 {[%emt 0:00:30]} 32. Kd2 {[%emt 0:00:38]} Re8 {[%emt 0:00:36]} 33. Rec3 {[%emt 0:00:14]} Bd7 {[%emt 0:00:54]} 34. Ke3 {[%emt 0:00:30]} Rec8 {[%emt 0:01:18]} 35. Kf4 {[%emt 0:00:11]} Ke6 {[%emt 0:00:17]} 36. Ra3 {[%emt 0:03:52]} Ra6 {[%emt 0:00:42]} 37. Rg3 {[%emt 0:00:14]} f5 {[%emt 0:01:36]} 38. Rgc3 {[%emt 0:01:14]} Raa8 {[%emt 0:00:00]} 39. R1c2 $16 {[%emt 0:00:00]} Kf6 {[%emt 0:00:00]} 40. Rc5 {[%emt 0:00:00]} Ke6 {[%emt 0:03:14]} 41. R2c3 {[%emt 0:18:02]} Kf6 {[%emt 0:02:30]} 42. Ra3 {[%emt 0:00:17]} Ra6 {[%emt 0:00:00]} 43. b5 {[%emt 0:00:15]} cxb5 {[%emt 0:01:00]} 44. Rxd5 {[%emt 0:00:06]} Be6 {[%emt 0:01:30]} 45. Rxb5 {[%emt 0:00:53]} Rc2 {[%emt 0:00:30]} 46. d5 {[%emt 0:00:13]} Bd7 {[%emt 0:01:30]} 47. Bd4+ {[%emt 0:00:31]} Ke7 {[%emt 0:00:30]} 48. Rb6 {[%emt 0:00:28]} Ra8 {[%emt 0:01:30]} 49. a6 {[%emt 0:00:35]} 1-0

[Event "4th Chessfestival Gredine 2018"]
[Site "Ortisei"]
[Date "2018.06.18"]
[Round "3.17"]
[White "Panjkovic, Aleksandar"]
[Black "Dittmar, Peter"]
[Result "1/2-1/2"]
[WhiteElo "2126"]
[BlackElo "2252"]
[Annotator "NA"]
[PlyCount "94"]
[EventDate "2018.06.16"]
[EventType "swiss"]
[EventCountry "ITA"]
[SourceTitle "playchess.com"]
[Source "ChessBase"]
[SourceQuality "1"]
[TimeControl "40/5400+30:1800+30"]

1. Nf3 {[%emt 0:00:30] 5} d5 {[%emt 0:03:00] 5} 2. d3 {[%emt 0:00:00] 5} Nc6 {[%emt 0:01:30]} 3. c3 {[%emt 0:01:00]} g6 {[%emt 0:06:30]} 4. Nbd2 {[%emt 0:01:30]} Bg7 {[%emt 0:01:30]} 5. e4 {[%emt 0:00:30]} e5 {[%emt 0:03:30]} 6. Be2 {[%emt 0:01:30]} Nge7 {[%emt 0:00:00]} 7. Qc2 {[%emt 0:03:30]} a5 {[%emt 0:01:00]} 8. a4 {[%emt 0:00:30]} O-O {[%emt 0:00:30]} 9. O-O {[%emt 0:00:30]} h6 {[%emt 0:01:30]} 10. Re1 {[%emt 0:01:30]} Re8 {[%emt 0:01:30]} 11. exd5 {[%emt 0:03:30]} Qxd5 {[%emt 0:01:30]} 12. Nc4 {[%emt 0:01:30]} Be6 {[%emt 0:03:30]} 13. Nfd2 {[%emt 0:09:30]} f5 {[%emt 0:05:30]} 14. Na3 {[%emt 0:02:30]} Qd7 {[%emt 0:04:30]} 15. Nb5 {[%emt 0:05:30]} Kh7 {[%emt 0:01:30]} 16. b3 {[%emt 0:02:30]} Nd5 {[%emt 0:03:30]} 17. Nc4 {[%emt 0:03:30]} Bf7 {[%emt 0:08:30]} 18. Bd2 {[%emt 0:03:30]} Re7 {[%emt 0:02:30]} 19. Rad1 {[%emt 0:07:30]} Qe8 {[%emt 0:00:30]} 20. Bc1 {[%emt 0:00:30]} Qg8 {[%emt 0:00:30]} 21. Bf3 {[%emt 0:04:30]} Rd7 {[%emt 0:01:30]} 22. g3 {[%emt 0:01:30]} Rad8 {[%emt 0:00:30]} 23. Ba3 {[%emt 0:05:30]} Bf6 {[%emt 0:13:30]} 24. Bg2 {[%emt 0:02:30]} h5 {[%emt 0:00:30]} 25. Bc5 {[%emt 0:03:30]} Qg7 {[%emt 0:01:30]} 26. Bf1 {[%emt 0:04:30]} Kh8 {[%emt 0:06:30]} 27. Bg2 {[%emt 0:07:30]} Bg8 {[%emt 0:00:30]} 28. Ba3 {[%emt 0:01:30] [%clk 0:03.02]} Nde7 {[%emt 0:07:57]} 29. Bxe7 {[%emt 0:19:48]} Rxe7 {[%emt 0:00:30]} 30. Bxc6 {[%emt 0:00:40]} bxc6 {[%emt 0:00:30]} 31. Na7 {[%emt 0:00:39]} Bd5 {[%emt 0:00:30]} 32. Nxa5 {[%emt 0:00:40]} Re6 {[%emt 0:00:30]} 33. Qe2 {[%emt 0:00:38]} Ra8 {[%emt 0:00:30]} 34. c4 {[%emt 0:00:14]} Rxa7 {[%emt 0:00:37]} 35. cxd5 {[%emt 0:00:26]} cxd5 {[%emt 0:00:33]} 36. b4 {[%emt 0:00:30]} c5 {[%emt 0:01:22]} 37. Qd2 {[%emt 0:02:02]} cxb4 {[%emt 0:01:07]} 38. Qxb4 {[%emt 0:00:12]} Rea6 {[%emt 0:00:37]} 39. Nb3 {[%emt 0:01:05]} Rxa4 {[%emt 0:02:32]} 40. Qb8+ {[%emt 0:00:08]} Kh7 {[%emt 0:01:15]} 41. Nc5 {[%emt 0:04:28]} R4a5 {[%emt 0:08:30]} 42. Rc1 {[%emt 0:13:10]} Qc7 {[%emt 0:07:30]} 43. Qxc7+ $11 {[%emt 0:00:57]} Rxc7 {[%emt 0:00:30]} 44. Ne4 {[%emt 0:00:16]} Rxc1 {[%emt 0:17:02]} 45. Nxf6+ {[%emt 0:00:23]} Kg7 {[%emt 0:00:10]} 46. Nxh5+ {[%emt 0:03:46]} gxh5 {[%emt 0:01:57]} 47. Rxc1 {[%emt 0:00:06]} d4 {[%emt 0:01:17]} 1/2-1/2

[Event "4th Chessfestival Gredine 2018"]
[Site "Ortisei"]
[Date "2018.06.18"]
[Round "3.18"]
[White "Jaracz, Barbara"]
[Black "Colombo, Roberto"]
[Result "1/2-1/2"]
[WhiteElo "2246"]
[BlackElo "2125"]
[Annotator "NA"]
[PlyCount "61"]
[EventDate "2018.06.16"]
[EventType "swiss"]
[EventCountry "ITA"]
[SourceTitle "playchess.com"]
[Source "ChessBase"]
[SourceQuality "1"]
[TimeControl "40/5400+30:1800+30"]

1. e4 {[%emt 0:00:30]} c5 {[%emt 0:01:00]} 2. Nf3 {[%emt 0:00:00]} e6 {[%emt 0:00:00]} 3. d4 {[%emt 0:01:00]} cxd4 {[%emt 0:00:00]} 4. Nxd4 {[%emt 0:00:30]} Nc6 {[%emt 0:00:00]} 5. Nxc6 {[%emt 0:02:30]} bxc6 {[%emt 0:00:00]} 6. Bd3 {[%emt 0:00:30]} Nf6 {[%emt 0:00:30]} 7. O-O {[%emt 0:00:30]} d5 {[%emt 0:00:30]} 8. Nd2 {[%emt 0:00:30]} Be7 {[%emt 0:03:30]} 9. Qe2 {[%emt 0:01:30] LiveBook: 92 Games} Rb8 {[%emt 0:04:30]} 10. c4 {[%emt 0:02:30]} Qc7 {[%emt 0:10:30]} 11. e5 {[%emt 0:07:30]} Nd7 {[%emt 0:00:30]} 12. f4 {[%emt 0:00:00]} g6 {[%emt 0:05:30]} 13. b3 {[%emt 0:09:00]} Nc5 {[%emt 0:12:30]} 14. Bc2 {[%emt 0:02:30]} a5 {[%emt 0:11:30]} 15. Rb1 {[%emt 0:03:30]} Ba6 {[%emt 0:04:30]} 16. Kh1 $11 {[%emt 0:07:30]} Nd7 {[%emt 0:11:30]} 17. a3 {[%emt 0:02:30]} Nb6 {[%emt 0:03:30]} 18. Bd3 {[%emt 0:02:30]} dxc4 {[%emt 0:09:30]} 19. Nxc4 {[%emt 0:14:30]} Nxc4 {[%emt 0:00:30]} 20. Bxc4 {[%emt 0:00:00]} Bxc4 {[%emt 0:00:30]} 21. Qxc4 {[%emt 0:00:00]} O-O {[%emt 0:00:39]} 22. Bb2 {[%emt 0:13:30] ]} Rb5 {[%emt 0:05:36] [%clk 0:09.16]} 23. a4 {[%emt 0:10:37]} Rd5 {[%emt 0:05:59]} 24. g4 {[%emt 0:00:30]} Rfd8 {[%emt 0:01:48]} 25. f5 {[%emt 0:01:57]} Bc5 {[%emt 0:02:39]} 26. fxe6 {[%emt 0:05:51]} fxe6 {[%emt 0:00:02]} 27. Rbe1 {[%emt 0:05:25]} Qd7 {[%emt 0:01:13]} 28. Bc3 {[%emt 0:02:37]} Bd4 {[%emt 0:02:05]} 29. Rf3 {[%emt 0:03:08]} Bxc3 {[%emt 0:02:25]} 30. Rxc3 {[%emt 0:00:37]} Rd1 {[%emt 0:00:30]} 31. Rce3 {[%emt 0:00:30]} 1/2-1/2

[Event "4th Chessfestival Gredine 2018"]
[Site "Ortisei"]
[Date "2018.06.18"]
[Round "3.19"]
[White "Molina, Fabrizio"]
[Black "Riebel, Werner"]
[Result "0-1"]
[WhiteElo "2212"]
[BlackElo "2113"]
[Annotator "NA"]
[PlyCount "100"]
[EventDate "2018.06.16"]
[EventType "swiss"]
[EventCountry "ITA"]
[SourceTitle "playchess.com"]
[Source "ChessBase"]
[SourceQuality "1"]
[TimeControl "40/5400+30:1800+30"]

1. d4 {[%emt 0:05:30] 5} d5 {[%emt 0:01:00] 5} 2. c4 {[%emt 0:00:30] 5} e6 {[%emt 0:00:30]} 3. Nf3 {[%emt 0:00:30]} Nf6 {[%emt 0:00:30]} 4. g3 {[%emt 0:00:30]} dxc4 {[%emt 0:01:30]} 5. Bg2 {[%emt 0:02:30]} Be7 {[%emt 0:03:30]} 6. Qa4+ {[%emt 0:08:30] LiveBook: 86 Games} Bd7 {[%emt 0:00:30]} 7. Qxc4 {[%emt 0:00:30]} Bc6 {[%emt 0:00:30]} 8. Nc3 {[%emt 0:00:30]} Nbd7 {[%emt 0:02:30]} 9. O-O {[%emt 0:02:30]} O-O {[%emt 0:04:30]} 10. Rd1 {[%emt 0:13:30]} Nb6 {[%emt 0:04:30]} 11. Qd3 {[%emt 0:01:30]} Bb4 {[%emt 0:05:30]} 12. Nd2 {[%emt 0:14:30]} Bxg2 {[%emt 0:01:30]} 13. Kxg2 {[%emt 0:00:30]} c5 {[%emt 0:01:30]} 14. a3 {[%emt 0:03:30]} cxd4 {[%emt 0:03:30]} 15. axb4 {[%emt 0:00:30]} dxc3 {[%emt 0:00:30]} 16. bxc3 {[%emt 0:01:30]} Qd5+ {[%emt 0:00:30]} 17. Nf3 {[%emt 0:05:30]} h6 {[%emt 0:07:30]} 18. Be3 {[%emt 0:07:30]} Nc4 {[%emt 0:00:30]} 19. Bc5 {[%emt 0:03:30]} Rfe8 {[%emt 0:03:30]} 20. Qc2 {[%emt 0:01:30]} Qc6 {[%emt 0:04:30]} 21. Qa2 {[%emt 0:03:30]} Ne5 {[%emt 0:08:30]} 22. Rd6 {[%emt 0:00:30]} Qe4 {[%emt 0:00:30]} 23. Rd4 {[%emt 0:02:41]} Qc6 {[%emt 0:00:00] ]} 24. Rad1 {[%emt 0:02:03]} Nxf3 {[%emt 0:03:00] 6} 25. exf3 {[%emt 0:00:03]} b6 {[%emt 0:00:30] 4} 26. Bd6 {[%emt 0:05:58]} Nd5 {[%emt 0:02:30] 5} 27. Be5 {[%emt 0:03:31] [%clk 0:00.49]} f6 {[%emt 0:20:30]} 28. Rc4 {[%emt 0:09:38]} Qb7 {[%emt 0:00:30]} 29. Bd4 {[%emt 0:00:27]} Kh8 {[%emt 0:00:30]} 30. b5 {[%emt 0:00:30]} Red8 {[%emt 0:00:30]} 31. Ra1 {[%emt 0:00:30]} Rd7 {[%emt 0:00:52]} 32. Qe2 {[%emt 0:00:30]} Rad8 {[%emt 0:00:33]} 33. Rca4 {[%emt 0:00:30]} e5 {[%emt 0:00:32]} 34. Be3 {[%emt 0:00:30]} Nxc3 {[%emt 0:00:38]} 35. Qc4 {[%emt 0:00:30]} Nxa4 {[%emt 0:00:32]} 36. Rxa4 {[%emt 0:00:30]} Rd6 {[%emt 0:00:35]} 37. Qh4 {[%emt 0:00:30]} f5 {[%emt 0:01:01]} 38. Qh5 {[%emt 0:00:20]} Rf8 {[%emt 0:00:18]} 39. Bc1 {[%emt 0:00:55]} Qf7 {[%emt 0:01:27]} 40. Qh4 {[%emt 0:00:40]} Re6 {[%emt 0:03:32]} 41. Bb2 {[%emt 0:01:14]} Kh7 {[%emt 0:02:30]} 42. Qc4 {[%emt 0:02:30]} e4 {[%emt 0:03:30]} 43. f4 {[%emt 0:02:30]} Re7 {[%emt 0:01:30]} 44. Qc3 {[%emt 0:07:39]} Rc7 {[%emt 0:01:30]} 45. Qa3 {[%emt 0:00:46]} Rd8 {[%emt 0:01:30]} 46. Be5 {[%emt 0:00:14]} Rcd7 $19 {[%emt 0:00:30]} 47. Qa1 {[%emt 0:01:14]} Kg8 {[%emt 0:02:30]} 48. Qc1 {[%emt 0:01:45]} Rd2 {[%emt 0:01:30]} 49. Bc7 {[%emt 0:02:43]} R8d7 {[%emt 0:01:30]} 50. Rxa7 {[%emt 0:01:21]} e3 {[%emt 0:01:30]} 0-1

[Event "4th Chessfestival Gredine 2018"]
[Site "Ortisei"]
[Date "2018.06.18"]
[Round "3.20"]
[White "Lorscheid, Gerhard"]
[Black "Kornitzky, Tino"]
[Result "1/2-1/2"]
[WhiteElo "2200"]
[BlackElo "2112"]
[Annotator "NA"]
[PlyCount "47"]
[EventDate "2018.06.16"]
[EventType "swiss"]
[EventCountry "ITA"]
[SourceTitle "playchess.com"]
[Source "ChessBase"]
[SourceQuality "1"]
[TimeControl "40/5400+30:1800+30"]

1. g3 {[%emt 0:00:30] 4} d5 {[%emt 0:01:00] 4} 2. Bg2 {[%emt 0:00:00] 4} Nf6 {[%emt 0:00:00]} 3. c4 {[%emt 0:01:00]} e6 {[%emt 0:01:00]} 4. Nf3 {[%emt 0:00:30]} d4 {[%emt 0:00:00]} 5. O-O {[%emt 0:00:30]} c5 {[%emt 0:00:00]} 6. d3 {[%emt 0:00:30]} Nc6 {[%emt 0:00:00]} 7. a3 {[%emt 0:01:30]} a5 {[%emt 0:01:00]} 8. e4 {[%emt 0:00:30]} e5 {[%emt 0:01:30]} 9. b3 {[%emt 0:01:30]} Be7 {[%emt 0:02:30]} 10. Ne1 {[%emt 0:06:30]} h5 {[%emt 0:05:30]} 11. f4 {[%emt 0:03:30]} ({White should try} 11. h4) 11... Bg4 {[%emt 0:06:30]} 12. Qc2 {[%emt 0:04:30]} h4 {[%emt 0:12:30]} 13. h3 {[%emt 0:07:30]} Bc8 $15 {[%emt 0:22:30]} 14. g4 {[%emt 0:03:30]} exf4 {[%emt 0:05:30]} 15. Bxf4 {[%emt 0:00:30]} Bd6 {[%emt 0:02:30]} 16. Bg5 {[%emt 0:01:30]} Ne5 {[%emt 0:06:30]} 17. Nd2 {[%emt 0:03:30]} Bc7 {[%emt 0:08:30]} 18. Nef3 {[%emt 0:01:30]} Qd7 {[%emt 0:08:05]} 19. Nxe5 {[%emt 0:26:30] 2} Bxe5 {[%emt 0:00:16]} 20. Bf4 {[%emt 0:00:00] ]} Nxg4 {[%emt 0:05:43]} 21. hxg4 {[%emt 0:01:00] 6} h3 {[%emt 0:00:53]} 22. Bxe5 {[%emt 0:02:30] 3} hxg2 {[%emt 0:00:58]} 23. Kxg2 {[%emt 0:00:00] 5} Qxg4+ {[%emt 0:00:31]} 24. Kf2 {[%emt 0:00:00] 4 [%clk 0:05:23]} 1/2-1/2

[Event "4th Chessfestival Gredine 2018"]
[Site "Ortisei"]
[Date "2018.06.19"]
[Round "4.1"]
[White "Kindermann, Stefan"]
[Black "Santos Latasa, Jaime"]
[Result "0-1"]
[WhiteElo "2506"]
[BlackElo "2567"]
[Annotator "TA"]
[PlyCount "158"]
[EventDate "2018.06.16"]
[EventType "swiss"]
[EventCountry "ITA"]
[SourceTitle "playchess.com"]
[Source "ChessBase"]
[SourceQuality "1"]

{[%evp 15,158,17,11,-12,0,-8,7,-1,0,-5,0,-38,-26,-26,-31,-55,0,-38,-6,-12,-6,0,-6,-7,-14,-10,5,-18,-20,-20,-23,-22,-26,-16,-16,-16,-19,-46,-35,-37,-31,-27,-29,-54,-52,-73,-81,-91,-22,-25,-12,-20,-16,-34,-25,-22,-22,-37,0,-37,-37,-37,-37,-45,-37,-37,-37,-72,-76,-72,-37,-37,-42,-49,-50,-72,-72,-72,-72,-72,-72,-73,-74,-74,-28,-75,-75,-75,-82,-82,-82,-83,-44,-44,-44,-44,-44,-44,-44,-44,-44,-44,-44,-44,-44,-44,-8,-8,-8,-8,-8,-8,-8,-8,-8,-8,-8,-8,-8,-29971,-29977,-29975,-29978,-29980,-29978,-29976,-29979,-29985,-29986,-29986,-29987,-29987,-29988,-29990,-29991,-29992,-29993,-29993,-29992,-29992,-29991,-29991,-29992,-29992,-29993]} 1. e4 c5 2. d3 d5 3. exd5 Qxd5 4. Nc3 Qd7 (4... Qd8 5. Nf3 e6 6. g3 Ne7 7. Bg2 Nf5 8. O-O Nc6 9. Ne4 Be7 10. c3 h5 11. h4 f6 {0-1 (36) Stevic,H (2611)-Bologan,V (2671) Aix les Bains 2011 CBM 142 Extra [Bologan,V]}) 5. g3 b6 6. Bg2 {B20: Sicilian: Unusual White 2nd moves} Bb7 7. Nf3 {[%cal Bg1f3,Bf3d2,Bd2c4][%mdl 32]} Nc6 8. O-O e6 {LiveBook: 10 Games} 9. Ne4 Nge7 $146 ({Predecessor:} 9... Be7 10. Re1 Nf6 11. Nfd2 O-O {0-1 (36) Lezcano Jaen,P (2295)-Gomez Esteban,J (2450) Las Palmas 1993}) 10. a4 Nd5 11. Nfd2 Be7 12. Nc4 O-O 13. a5 Rab8 14. axb6 axb6 15. Bd2 Qc7 (15... b5 $15 16. Ne3 Ra8) 16. f4 Ra8 17. Rxa8 Rxa8 18. f5 exf5 19. Rxf5 Nd4 20. Rf1 Rf8 21. c3 Ne6 $1 22. Qh5 b5 23. Ne3 ({But not} 23. Ne5 $2 g6 $19) 23... Nxe3 $1 24. Bxe3 g6 25. Qe2 f5 26. Nd2 Bxg2 27. Kxg2 Qc6+ 28. Nf3 Bf6 29. Kg1 Re8 30. Qf2 Qd5 31. Rd1 c4 ({Black should try} 31... g5 $17 {Black wants to play ...f4.} 32. Ne1 b4 33. cxb4 Nd4) 32. Qf1 $11 Rd8 {[%cal Rc4d3]} 33. d4 {[#]} Nc5 $1 {[%mdl 512]} 34. Bg5 (34. dxc5 Qxd1) 34... Bxg5 35. Nxg5 Nd3 $36 {[%mdl 2048] Black fights for an advantage.} 36. Qe2 Qd7 37. Qe6+ (37. b3 $5) 37... Qxe6 38. Nxe6 $15 {[%mdl 4096] Endgame KRN-KRN} Rd6 39. Nc7 b4 40. cxb4 $1 Nxb2 41. Rd2 c3 42. Rc2 Rxd4 43. Rxc3 Rxb4 44. Nd5 Rb7 45. Rc7 Rxc7 46. Nxc7 $17 {KN-KN} Kf7 47. h4 Kf6 48. Nd5+ Ke5 49. Nf4 Ke4 {...Nd3 is the strong threat.} 50. Kg2 Nc4 51. Kf2 Ne5 52. Ne6 h6 {aiming for ...Nd3+.} 53. Ke2 Nd3 54. Nf8 f4 55. gxf4 Nxf4+ 56. Kf2 $1 Kf5 57. Kf3 Nd3 58. Ke2 Nc5 59. Ke3 $1 Kf6 60. Kd4 $1 Kf7 (60... Na6 {feels hotter.} 61. Nd7+ Kf5 62. Ke3 Nb4 63. Kf3 Nd3) 61. Kxc5 Kxf8 $11 {KPP-KP} 62. Kd4 Kf7 63. Ke3 Ke7 {White must now prevent ...Kf7.} (63... Ke6 $5 64. Ke4 $8 Kd6 $11) 64. Kf3 Kd6 {Threatens to win with ...Ke5.} (64... Ke6 $5 65. Ke4 $8 h5 $11) 65. Kf4 Kd5 66. Ke3 $1 Ke5 (66... Ke6 $5 67. Ke4 $8 Kf6 $11) 67. Kf3 $2 {[%mdl 8192]} (67. h5 $11) 67... Kf5 {Black mates.} 68. Kg3 {[#]} Ke4 $1 69. Kg4 Ke3 70. h5 g5 71. Kf5 Kf3 72. Kg6 g4 73. Kxh6 {KP-KP} g3 74. Kh7 g2 75. h6 g1=Q 76. Kh8 Qd4+ 77. Kg8 Qg4+ 78. Kf7 Qh5+ 79. Kg7 Qg5+ {Precision: White = 58%, Black = 62%.} 0-1

[Event "4th Chessfestival Gredine 2018"]
[Site "Ortisei"]
[Date "2018.06.19"]
[Round "4.2"]
[White "Saric, Ivan"]
[Black "Gholami, Aryan"]
[Result "1-0"]
[WhiteElo "2685"]
[BlackElo "2490"]
[Annotator "TA"]
[PlyCount "105"]
[EventDate "2018.06.16"]
[EventType "swiss"]
[EventCountry "ITA"]
[SourceTitle "playchess.com"]
[Source "ChessBase"]
[SourceQuality "1"]

{[%evp 16,105,0,0,12,25,22,19,24,33,25,24,27,29,29,28,26,21,23,18,36,4,2,2,0,0,1,6,39,24,31,6,12,0,18,18,27,31,32,28,29,20,18,22,22,22,22,16,17,25,17,22,28,13,51,56,178,17,236,231,532,462,375,322,1944,1892,1741,1783,1805,1728,1325,1112,1963,1434,11887,11449,11449,5954,5493,5954,12441,11551,5883,1538,2220,1502,29968,29967,29971,29965,6571,11449]} 1. e4 c5 2. Nf3 Nc6 3. Bb5 e6 4. b3 Nge7 5. Bb2 a6 6. Bxc6 Nxc6 7. O-O b6 {B30: Sicilian: 2...Nc6 3 Bb5, lines without ...g6} 8. c4 Bb7 9. Re1 {LiveBook: 10 Games} f6 {The position is equal.} (9... Rc8 10. d4 cxd4 11. Nxd4 Qf6 12. Re2 Qg6 13. Nf5 Qg5 14. Nd6+ Bxd6 15. Qxd6 {1-0 (31) Akopian,V (2648)-Bogdanovich,S (2590) Berlin 2015}) 10. d4 cxd4 11. Nxd4 Nxd4 $146 ({Predecessor:} 11... Bc5 12. Nxc6 dxc6 13. Qg4 Qe7 14. Nc3 O-O 15. e5 fxe5 {0-1 (23) Rezek,J (1287)-Ghisi,S (1525) Chessfriend.com 2005}) 12. Bxd4 Bb4 13. Bc3 Be7 14. Qh5+ g6 15. Qh6 {Threatens to win with Qg7.} Bf8 16. Qd2 Be7 17. Bb4 Bc6 18. Na3 {[%cal Bb1a3,Ba3c2,Bc2b4][%mdl 32]} Bxb4 19. Qxb4 Qe7 20. Nc2 Qxb4 21. Nxb4 Bb7 22. Rad1 Ke7 23. Nd3 d6 24. a4 Rac8 25. f3 b5 26. cxb5 axb5 27. axb5 Rc3 28. Rc1 Rhc8 29. Rxc3 Rxc3 30. Rc1 Rxc1+ 31. Nxc1 $11 {[%mdl 4096] Endgame KB-KN} Kd7 32. Kf2 Kc7 33. Ne2 Kb6 34. Ke3 Bc8 35. Nc3 Kc5 ({Black should play} 35... Bd7 $14) 36. f4 $2 ({Better is} 36. e5 $1 $18 {[%cal Re5f6]} f5 37. exd6) 36... Bd7 $2 {[#]} (36... f5 $11 {and Black stays safe.}) 37. e5 $1 $18 dxe5 $2 {[#]} (37... fxe5 38. Ne4+ Kxb5) 38. Ne4+ $1 Kxb5 {aiming for ...exf4+.} 39. Nxf6 exf4+ $2 (39... Bc6 40. fxe5 h6) 40. Kxf4 Bc6 41. g4 h6 42. Ke5 Kc5 43. Kxe6 Kd4 44. Kf7 g5 45. Kg6 Ke5 46. b4 Bb5 47. Ng8 Kf4 48. Nxh6 Bf1 49. Kf6 Be2 50. Ke6 Bd3 51. Kd5 Be2 52. Kc5 Ke5 53. b5 {Precision: White = 73%, Black = 34%.} 1-0